000 00816cam a22002651 4500
001 4590
003 BD-RjUL
005 20211208233923.0
008 131223s1964 cc b 000 0 eng
035 _a(BD-RjUL)4625
035 _a(OCoLC)502225
040 _aDLC
_cODaWU
_dOCoLC
_dDLC
_dBD-RjUL
_beng
041 _aeng
082 0 4 _218
_a342.5125
_bENG 1964
100 1 _aEndacott, G. B.
_914487
245 1 0 _aGovernment and people in Hong Kong, 1841-1962 /
_cG B Endacott.
260 _aHong Kong :
_bHong Kong University Press,
_c1964.
300 _a263 p. ;
_c21 cm.
504 _aBibliography: p. 255-256.
650 0 _aConstitutional history
_zChina
_zHong Kong.
_914488
651 0 _aHong Kong (China)
_xPolitics and government.
_914489
942 _2ddc
_cBK
999 _c4590
_d4590